1676 1479 1675 1528 1961 1971 1245 1956 1072 1259 1634 1557 1818 1390 1303 1323 1563 1577 1569 1714 1770 1568 1008 1596 1859 1437 1823 1303 1997 1978 1283 1278 1103 1084 1961 1202 1483 1746 1294 1572 1196 1647 1002 1660 1643 1299 1940 1773 1433 1716 1655 1123 1688 1629 1211 1136 1209 1427 1733 1212 1726 1301 1088 1709 1932 1915 1343 1725 1909 1014 1554 1528 1934 1976 1042 1041 1699 1433 1417 1308 1567 1936 1261 1941 1012 1289 1105 1329 1772 1706 1492 1582 1090 1978 1157 1857 1509 1634 1452 BCNSPRNW ULIB Ver.6.0+V

เปลี่ยนเป็นภาษาไทย

Change to English
 แสดงรายละเอียดบรรณานุกรม
  กลับหน้าหลัก

Brief Record : Get Marc (ISO 2709) : E-mail record : QR code < ปิดหน้าต่าง
LEADER : 00000nam 2200000uu 4500
001    13399111753
003     ULIB
008    110707s2551||||th 000 0 tha d
020    9789747084887
082 04 DS556.39^bภ639ท ล.3 2551
100 0  พงศกร ประทุมวงษ์
245 10 เที่ยวไม่ง้อทัวร์ ตีตั๋วตะลุยญี่ปุ่น 3 /^cพงศกร ประทุมวงษ์
250    พิมพ์ครั้งที่ 1
260    กรุงเทพฯ :^bทิบ ไทย อินเตอร์ บุ๊ค,^c2551
300    344 หน้า :^bภาพประกอบ, แผนที่ ;^c19 ซม
651  7 ญี่ปุ่น^xภูมิประเทศและการท่องเที่ยว
651  7 ญี่ปุ่น^xหนังสือนำเที่ยว
945    ^p195^l0^i027250
945    ^p195^l0^i027249
995    ทศพร
999 ^a ใช้งานได้ทุกระบบ
รายการนี้ยังไม่มีแท็ก
คุณยังไม่ได้ล็อกอิน คุณสามารถมีกิจกรรมร่วมกับเว็บไซต์ได้ แต่ต้องล็อกอินก่อน ::
  ล็อกอิน

รายการสื่อสารสนเทศ

ลำดับที่ ประเภท เลขเรียก/บาร์โค้ด สถานที่ สถานะ
- ไม่พบข้อมูล -

BibComment


ยังไม่เคยถูกคอมเมนท์

คอมเมนท์ทรัพยากรรายการนี้
  คอมเมนท์: เที่ยวไม่ง้อทัวร์..


 Copyright 2026. Bcnsprnw @Library